00873nam a22002177a 450000500170000001000130001702000220003003500130005203700160006504000120008108200160009310000270010924502810013626000500041727000500046730000340051750000500055165000240060165000100062570000200063520170124110126.0 aA-895475 c00.00a8170249627 aA-895475 bCen Lib/Ret aDPLbEN a954.61bSAN aSangal, Naresh Chandra aGlimpses of Nepal :cby Naresh Chandra Sangal [and] Prakash Sangalb a brief compilation of history, culture, language, tradition, religious places, festivals, mountains, revers, safari parks, cities, Kathmandu University, and other important informations for holiday-makers / bA.P.H Publishing CorporationaNew Delhic1998 bNew Delhia5, Ansari Road, Daryaganj e110002 ax,151p. :c24cm(Hb)bcol.ill. aIncludes bibliographical references and index aNepal -- Guidebooks aNepal aSangal, Prakash